| 000 -ლიდერი |
| ფიქსირებული სიგრძის საკონტროლო ველი |
00964nam a22001937a 4500 |
| 003 - საკონტროლო ნომრის იდენტიფიკატორი |
| საკონტროლო ველი |
Ge_BSU |
| 005 - ბოლო ოპერაციის თარიღი და დრო |
| საკონტროლო ველი |
20260209150408.0 |
| 008 - ფიქსირებული სიგრძის მონაცემთა ელემენტები - ზოგადი ინფორმაცია |
| ფიქსირებული სიგრძის საკონტროლო ველი |
260209s1958 ge ||||| |||| 00| 0 geo d |
| 041 ## - ენის კოდი |
| Language code of text/sound track or separate title |
geo |
| 080 ## - უნივერსალური ათობითი კლასიფიკაციის ინდექსი |
| Universal Decimal Classification number |
332.68 კ-37 |
| 100 ## - მთავარი ჩანაწერი - პიროვნების სახელი |
| Personal name |
კახეთელიძე, მიხეილ |
| 9 (RLIN) |
26844 |
| 245 ## - ცნობა სათაურის შესახებ |
| Title |
მიწის რენტის ბურჟუაზიული თეორიების კრიტიკა / |
| Statement of responsibility, etc |
მიხეილ კახეთელიძე; საქ. სსრ მეცნ. აკადემია. |
| 264 ## - წარმოების, გამოცემის, დისტრიბუციის და სხვა ცნობები |
| გამოცემის, წარმოების, დისტრიბუციის... ადგილი |
თბ. : |
| გამოცემის, წარმოების, დისტრიბუციის... სახელწოდება |
საქ. სსრ მეცნ. აკად. გამ-ბა და სტ., |
| გამოცემის, წარმოების, დისტრიბუციის... თარიღი |
1958. |
| 300 ## - ფიზიკური აღწერა |
| Extent |
95 გვ. ; |
| Other physical details |
23 სმ. |
| 490 ## - სერიის ცნობა |
| Series statement |
მეცნიერულ-პოპულარული სერია |
| 504 ## - BIBLIOGRAPHY, ETC. NOTE |
| Bibliography, etc |
ბიბლიოგრ. ტექსტის შენიშვნებში |
| 653 ## - INDEX TERM--UNCONTROLLED |
| Uncontrolled term |
მიწის რენტა |
| 942 ## - ADDED ENTRY ELEMENTS (KOHA) |
| Source of classification or shelving scheme |
|
| Koha item type |
წიგნი |